The naxalites and their ideology / (Record no. 123717)

MARC details
000 -LEADER
fixed length control field 00711nam a22002297a 4500
005 - DATE AND TIME OF LATEST TRANSACTION
control field 20170124105929.0
010 ## - LIBRARY OF CONGRESS CONTROL NUMBER
LC control number A-351855
020 ## - INTERNATIONAL STANDARD BOOK NUMBER
International Standard Book Number 195622065
Terms of availability 00.00
035 ## - SYSTEM CONTROL NUMBER
System control number A-351855
037 ## - SOURCE OF ACQUISITION
Source of stock number/acquisition Cen Lib/Ret
040 ## - CATALOGING SOURCE
Original cataloging agency DPL
Language of cataloging EN
082 ## - DEWEY DECIMAL CLASSIFICATION NUMBER
Classification number 322.42
Item number RAY
100 ## - MAIN ENTRY--PERSONAL NAME
Personal name Ray, Rabindra
9 (RLIN) 7793
245 ## - TITLE STATEMENT
Title The naxalites and their ideology /
Statement of responsibility, etc by Rabindra Ray
260 ## - PUBLICATION, DISTRIBUTION, ETC. (IMPRINT)
Place of publication, distribution, etc Delhi
Name of publisher, distributor, etc Oxford University Press
Date of publication, distribution, etc 1988
270 ## - ADDRESS
Address YMCA Library Building, Jai Singh Road
City Delhi
Postal code 110001
300 ## - PHYSICAL DESCRIPTION
Extent vi,251p.
Dimensions 22cm(Hb)
500 ## - GENERAL NOTE
General note Includes bibliographical references and index
650 ## - SUBJECT ADDED ENTRY--TOPICAL TERM
Topical term or geographic name as entry element Naxalite movement
9 (RLIN) 4220
650 ## - SUBJECT ADDED ENTRY--TOPICAL TERM
Topical term or geographic name as entry element Political science
9 (RLIN) 87737
942 ## - ADDED ENTRY ELEMENTS (KOHA)
Source of classification or shelving scheme Dewey Decimal Classification
Koha item type English Books
Classification part 322.42
Call number suffix RAY
Holdings
Withdrawn status Lost status Damaged status Not for loan Home library Current library Date acquired Source of acquisition Cost, normal purchase price Total Checkouts Full call number Barcode Date last seen Date checked out Copy number Cost, replacement price Price effective from Koha item type
        Central Library Central Library 11/06/2015 Cen Lib/Ret 0.00 1 322.42 RAY A-351855 13/01/2018 20/12/2017 1 0.00 11/06/2015 English Books

© Delhi Public Library
Hit Counter
free hit counter